| 000 | 00663nam a2200229 a 4500 | ||
|---|---|---|---|
| 001 | 13112 | ||
| 003 | BD-JhCC | ||
| 005 | 20230711104853.0 | ||
| 008 | 230711b2021 bg |||| ||a| 000 0 ben d | ||
| 020 | _a9789849547716 | ||
| 035 | _a(BD-JhCC)13112 | ||
| 040 |
_aBD-JhCC _dBD-JhCC |
||
| 041 | _aBengali | ||
| 082 |
_bTAN 2021 _a891.44 |
||
| 100 | _aতানহাব,জিমি | ||
| 245 |
_aমহাপ্রলয়ের প্রান্তর / _cজিমি তানহাব । |
||
| 260 |
_aঢাকা: _bঅন্যধারা; _c2021. |
||
| 300 |
_a319 P. : _c22 cm. |
||
| 650 | _aBengali literature | ||
| 942 |
_2ddc _cBK |
||
| 999 |
_c13112 _d13112 |
||